| Tag |
First Indicator |
Second Indicator |
Subfields |
| LEADER |
00000cam a2200000Ia 4500 |
| 001 |
in00002379713 |
| 005 |
20210810090246.0 |
| 006 |
m d |
| 007 |
cr cn||||||||| |
| 008 |
080104s2006 ne s 100 0 eng d |
| 020 |
|
|
|a 1402052952
|
| 020 |
|
|
|a 9781402052958
|
| 035 |
|
|
|a (OCoLC)187313285
|
| 035 |
|
|
|a (OCoLC)ocn187313285
|
| 037 |
|
|
|a 978-1-4020-5293-4
|b Springer
|n http://www.springerlink.com
|
| 040 |
|
|
|a GW5XE
|c GW5XE
|d GW5XE
|d YDXCP
|d UtOrBLW
|
| 049 |
|
|
|a TEFA
|
| 050 |
1 |
4 |
|a QC176.8.R3
|b R33 2006eb
|
| 072 |
|
7 |
|a QD
|2 lcco
|
| 072 |
|
7 |
|a TK
|2 lcco
|
| 082 |
0 |
4 |
|a 530.4/16
|2 22
|
| 245 |
0 |
0 |
|a Radiation effects in solids :
|b proceedings of the NATO advanced study institute on radiation, effects in solids, held in Erice, Sicily, Italy, 17-29 July 2004 /
|c Kurt E. Sickafus, Eugene A. Kotomin and Blas P. Uberuaga (eds.).
|
| 264 |
|
1 |
|a Dordrecht :
|b Springer,
|c 2006.
|
| 300 |
|
|
|a x, 590 pages +
|e CD-ROM.
|
| 336 |
|
|
|a text
|b txt
|2 rdacontent
|
| 337 |
|
|
|a computer
|b c
|2 rdamedia
|
| 338 |
|
|
|a online resource
|b cr
|2 rdacarrier
|
| 490 |
1 |
|
|a NATO science series. Series II, Mathematics, physics, and chemistry ;
|v v. 235
|
| 500 |
|
|
|a Electronic resource.
|
| 500 |
|
|
|a International conference proceedings.
|
| 500 |
|
|
|a Mixed media.
|
| 533 |
|
|
|a Electronic reproduction.
|b New York :
|c Springer,
|d 2007.
|n Mode of access: World Wide Web.
|n System requirements: Web browser.
|n Title from title screen (viewed on Dec. 13, 2007).
|n Access may be restricted to users at subscribing institutions.
|
| 650 |
|
0 |
|a Solids
|x Effect of radiation on
|v Congresses.
|0 http://id.loc.gov/authorities/subjects/sh2010112598
|
| 655 |
|
7 |
|a Electronic books.
|2 local
|
| 710 |
2 |
|
|a SpringerLink (Online service)
|0 http://id.loc.gov/authorities/names/no2005046756
|
| 776 |
1 |
|
|c Original
|z 1402052936
|z 9781402052934
|w (OCoLC)74650679
|
| 830 |
|
0 |
|a NATO science series.
|n Series II,
|p Mathematics, physics, and chemistry ;
|v v. 235.
|0 http://id.loc.gov/authorities/names/n00006675
|
| 856 |
4 |
0 |
|u http://proxy.library.tamu.edu/login?url=https://dx.doi.org/10.1007/978-1-4020-5295-8
|z Connect to the full text of this electronic book
|t 0
|
| 938 |
|
|
|a YBP Library Services
|b YANK
|n 2760698
|
| 994 |
|
|
|a C0
|b TEF
|
| 999 |
|
|
|a MARS
|
| 999 |
f |
f |
|s e6ba8aa1-73a4-3314-959b-f99ee2462f19
|i 43785344-7099-3076-a512-44a9e09ad8a7
|t 0
|
| 952 |
f |
f |
|a Texas A&M University
|b College Station
|c Electronic Resources
|d Available Online
|t 0
|e QC176.8.R3 R33 2006eb
|h Library of Congress classification
|
| 998 |
f |
f |
|a QC176.8.R3 R33 2006eb
|t 0
|l Available Online
|